000
00302nam a2200109Ia 4500
008
230907s9999||||xx |||||||||||||| ||und||
082
_a
3
_b
WAS
100
_a
Wasson, Charles S.,
_9
116132
245
0
_a
System engineering analysis, design, and development :
300
_a
xxvii, 846 pages :
942
_c
BK
999
_c
601152
_d
601152